Droit public économique : Corrigés d'examens
Đã lưu trong:
| 格式: | 图书 |
|---|---|
| 语言: | Undetermined |
| 出版: |
Librairie Générale de Droit et de Jurisprudence (L.G.D.J.)
1996
|
| 主题: | |
| 标签: |
添加标签
没有标签, 成为第一个标记此记录!
|
| Thư viện lưu trữ: | Trung tâm Học liệu Trường Đại học Cần Thơ |
|---|
| LEADER | 00503nam a2200169Ia 4500 | ||
|---|---|---|---|
| 001 | CTU_61626 | ||
| 008 | 210402s9999 xx 000 0 und d | ||
| 082 | |a 342.44 | ||
| 082 | |b D948 | ||
| 245 | 0 | |a Droit public économique : | |
| 245 | 0 | |b Corrigés d'examens | |
| 245 | 0 | |c Guy Durand ... [et al.] | |
| 260 | |b Librairie Générale de Droit et de Jurisprudence (L.G.D.J.) | ||
| 260 | |c 1996 | ||
| 650 | |a Public law | ||
| 904 | |i Minh,Hải | ||
| 980 | |a Trung tâm Học liệu Trường Đại học Cần Thơ | ||